Statistiques concernant Clubs de la Champions Cup 2020-2021.

Cliquez ici pour prendre le quiz!

Statistiques générales

  • Ce quiz a été pris 57 fois
    (30 depuis la dernière actualisation)
  • Le résultat moyen est 15 sur 24

Statistiques - réponses

PoulePoints% Correct
Stade toulousain10
100%
RC Toulon4
96%
Stade rochelais9
96%
Union Bordeaux-Bègles9
96%
Racing 9210
92%
Leinster10
79%
Munster8
79%
ASM Clermont6
75%
Lyon OU10
71%
Montpellier HR0
71%
Exeter Chiefs5
67%
Sale Sharks1
58%
Llanelli Scarlets9
54%
Bath Rugby1
54%
London Wasps10
54%
Connacht1
50%
Ulster3
50%
Glasgow Warriors0
50%
Northampton Saints1
50%
Harlequins0
46%
Édimbourg Rugby5
42%
Bristol Bears6
42%
Gloucester RFC5
38%
Newport Dragons0
17%

Distribution des résultats

Percentile par nombre de réponses

% des personnes avec chaque résultat

Votre développement - résultats

Vous n’avez pas pris ce quiz depuis la dernière actualisation